000 00592nam a2200229 a 4500
999 _c4322
_d4322
001 4322
003 BD-JhCC
005 20171127105740.0
008 171126b19721982e p|||| || | 001 0 eng d
020 _a712102671
035 _a(BD-JhCC)4322
040 _aBD-JhCC
_dBD-JhCC
041 _aeng
082 _a574.6
_bROB 1982
100 _aRobinson, H.
245 _aAspect Geographies Biogeography /
_c H. Robinson,
260 _aGreat Briain :
_bMacdonald and evans Limited,
_c1982.
300 _a541 p. :
_bill. ;
_c21 cm.
650 _aBiogeography
942 _2ddc
_cBK